| 000 | 01092nam2a22002411 4500 | ||
|---|---|---|---|
| 001 | rc\182663 | ||
| 005 | 20250621061839.0 | ||
| 010 |
_a5-7253-0160-5 _9500 |
||
| 035 | _a(NLR Aleph) 005618296 | ||
| 090 |
_a6473248 _c6473248 |
||
| 100 | _a20030307d1997 |||y0rusy50 ca | ||
| 101 | 0 | _arus | |
| 102 | _aRU | ||
| 105 | _ay ||||||||| | ||
| 200 | 0 | _aЧ. 1 | |
| 210 |
_d1997 _aБ. м. |
||
| 215 | _a114 с. | ||
| 461 | 0 |
_1001rc\182662 _12001#$aДЕНЬГИ, кредит, банки$eУчеб. пособие$e[В 5 ч.]$fМ-во общ. и проф. образования Рос. Федерации. Иркут. гос. экон. акад.$g[Сост.: к. э. н., проф. Н.А. Кутявина и др.]$vЧ. 1 _96473242 _cИркутск _d1997 _fМ-во общ. и проф. образования Рос. Федерации. Иркут. гос. экон. акад. _nИзд-во ИГЭА _oУчеб. пособие : [В 5 ч.] _tДЕНЬГИ, кредит, банки _vЧ. 1 |
|
| 801 | 0 |
_aRU _bNLR _gpsbo |
|
| 801 | 1 |
_aRU _bELAR _2rusmarc |
|
| 852 |
_aNLR _j97-3/12432 |
||
| 942 | _cBOOK | ||
| 980 | _aNB | ||